| 000 | 00808nam a22002657a 4500 | ||
|---|---|---|---|
| 003 | CHAP | ||
| 005 | 20220329135841.0 | ||
| 008 | 971013s1948 r 00010 d | ||
| 010 | _a43275 | ||
| 011 | _a44247 | ||
| 035 | _a48385 | ||
| 040 | _cCHAP | ||
| 082 |
_a574.873 _bF74 |
||
| 100 | 0 | 0 |
_aFrey-Wyssling, A. _943263 |
| 245 | _aSubmicroscopic morphology of protoplasm and its derivatives | ||
| 260 |
_aNew York : _bElsevier, _c1948 |
||
| 300 |
_a255 p. _b: ilus. |
||
| 590 |
_aBATCH-UPD _b10 _c20130110 _lUCH01 _h2128 |
||
| 590 |
_aCONVERSION _b10 _c20130109 _lUCH01 _h1324 |
||
| 650 | 1 | 4 |
_aProtoplasma. _992466 |
| 901 | _aBK | ||
| 942 | _cLIBRO | ||
| 949 |
_a574.873 F74 _bBC _cLIBRO _d33724000474094 _eLIBRO _fc.2 _h8335 _i48385 _si |
||
| 949 |
_a574.873 F74 _bBC _cLIBRO _d33724000474102 _eLIBRO _h8334 _i48385 _si |
||
| 999 |
_c43275 _d43275 |
||